ANDRADE, Luis Martínez. Religión sin redención: contradicciones sociales y sueños despiertos en América Latina. México: Medianoche, 2011, 192 p., ISBN 978-607-9165-04-8.
ANDRADE, Luis Martínez. Religión sin redención: contradicciones sociales y sueños despiertos en América Latina. México: Medianoche, 2011, 192 p., ISBN 978-607-9165-04-8.
| Main Author: | |
|---|---|
| Format: | Electronic Review |
| Language: | Portuguese |
| Check availability: | HBZ Gateway |
| Interlibrary Loan: | Interlibrary Loan for the Fachinformationsdienste (Specialized Information Services in Germany) |
| Published: |
2012
|
| In: |
Plura, revista de estudos de religião
Year: 2012, Volume: 3, Issue: 1, Pages: 173-178 |
| Further subjects: | B
Book review
B América Latina B Religião B contradição social |
| Online Access: |
Volltext (kostenfrei) |
MARC
| LEADER | 00000naa a22000002c 4500 | ||
|---|---|---|---|
| 001 | 1851284923 | ||
| 003 | DE-627 | ||
| 005 | 20230629150452.0 | ||
| 007 | cr uuu---uuuuu | ||
| 008 | 230629s2012 xx |||||oo 00| ||por c | ||
| 035 | |a (DE-627)1851284923 | ||
| 035 | |a (DE-599)KXP1851284923 | ||
| 040 | |a DE-627 |b ger |c DE-627 |e rda | ||
| 041 | |a por | ||
| 084 | |a 0 |2 ssgn | ||
| 100 | 1 | |a Marques, Lúcio Álvaro |e VerfasserIn |4 aut | |
| 245 | 1 | 0 | |a ANDRADE, Luis Martínez. Religión sin redención: contradicciones sociales y sueños despiertos en América Latina. México: Medianoche, 2011, 192 p., ISBN 978-607-9165-04-8. |
| 264 | 1 | |c 2012 | |
| 336 | |a Text |b txt |2 rdacontent | ||
| 337 | |a Computermedien |b c |2 rdamedia | ||
| 338 | |a Online-Ressource |b cr |2 rdacarrier | ||
| 520 | |a ANDRADE, Luis Martínez. Religión sin redención: contradicciones sociales y sueños despiertos en América Latina. México: Medianoche, 2011, 192 p., ISBN 978-607-9165-04-8. | ||
| 650 | 4 | |a América Latina | |
| 650 | 4 | |a Religião | |
| 650 | 4 | |a contradição social | |
| 655 | 7 | |a Rezension |0 (DE-588)4049712-4 |0 (DE-627)106186019 |0 (DE-576)209083166 |2 gnd-content | |
| 773 | 0 | 8 | |i Enthalten in |t Plura, revista de estudos de religião |d [São Paulo] : ABHR, 2010 |g 3(2012), 1, Seite 173-178 |h Online-Ressource |w (DE-627)845687379 |w (DE-600)2844135-7 |w (DE-576)454035934 |x 2179-0019 |7 nnas |
| 773 | 1 | 8 | |g volume:3 |g year:2012 |g number:1 |g pages:173-178 |
| 856 | 4 | 0 | |u https://revistaplura.emnuvens.com.br/plura/article/view/364 |x Verlag |z kostenfrei |3 Volltext |7 0 |
| 951 | |a AR | ||
| ELC | |a 1 | ||
| LOK | |0 000 xxxxxcx a22 zn 4500 | ||
| LOK | |0 001 434470388X | ||
| LOK | |0 003 DE-627 | ||
| LOK | |0 004 1851284923 | ||
| LOK | |0 005 20230629150427 | ||
| LOK | |0 008 230629||||||||||||||||ger||||||| | ||
| LOK | |0 040 |a DE-Tue135 |c DE-627 |d DE-Tue135 | ||
| LOK | |0 092 |o n | ||
| LOK | |0 852 |a DE-Tue135 | ||
| LOK | |0 852 1 |9 00 | ||
| LOK | |0 935 |a ixzs |a ixzo |a rwrk | ||
| LOK | |0 939 |a 29-06-23 |b l01 | ||
| OAS | |a 1 | ||
| ORI | |a SA-MARC-ixtheoa001.raw | ||
| REL | |a 1 | ||
| SUB | |a REL | ||



